Statistics for Highest Grossing Movies of all Time

Click here to take the quiz!

General Stats

  • This quiz has been taken 36 times
  • The average score is 24 of 50

Answer Stats

RankDirectorActorGross (billions)ReleasedFilm% Correct
1James CameronSam Worthington$2.842009Avatar
97%
3James CameronLeonardo DiCaprio$2.181997Titanic
97%
9Joss WhedonRobert Downey Jr.$1.512012The Avengers
88%
2Anthony Russo, Joe RussoRobert Downey Jr.$2.792019Avengers: Endgame
78%
5Anthony Russo, Joe RussoRobert Downey Jr.$2.042018Avengers: Infinity War
72%
22Shane BlackRobert Downey Jr.$1.212013Iron Man 3
69%
14Ryan CooglerChadwick Boseman$1.342018Black Panther
66%
18Chris Buck, Jennifer LeeKristen Bell$1.292013Frozen
63%
6Jon WattsTom Holland$1.912021Spider-Man: No Way Home
63%
12Joseph KosinskiTom Cruise$1.442022Top Gun: Maverick
59%
24Anthony Russo, Joe RussoChris Evans$1.152016Captain America: Civil War
56%
7Colin TrevorrowChris Pratt$1.672015Jurassic World
56%
27Jon WattsTom Holland$1.132019Spider-Man: Far From Home
56%
13Joss WhedonRobert Downey Jr.$1.402015Avengers: Age of Ultron
53%
11Chris Buck, Jennifer LeeKristen Bell$1.452019Frozen II
53%
33Todd PhillipsJoaquin Phoenix$1.072019Joker
53%
4J.J. AbramsHarrison Ford$2.062015Star Wars: The Force Awakens
53%
25James WanJason Momoa$1.142018Aquaman
50%
28Anna Boden, Ryan FleckBrie Larson$1.122019Captain Marvel
50%
16Rian JohnsonMark Hamill$1.332017Star Wars: The Last Jedi
50%
49Christopher NolanChristian Bale$1.002008The Dark Knight
50%
19Bill CondonEmma Watson$1.262017Beauty and the Beast
47%
10James WanVin Diesel$1.512015Furious 7
47%
42Steven SpielbergSam Neill$1.031993Jurassic Park
47%
30Sam MendesDaniel Craig$1.102012Skyfall
44%
32Christopher NolanChristian Bale$1.082012The Dark Knight Rises
44%
36Lee UnkrichTom Hanks$1.062010Toy Story 3
44%
35Josh CooleyTom Hanks$1.072019Toy Story 4
44%
41Pierre Coffin, Kyle BaldaSteve Carell$1.032017Despicable Me 3
41%
15David YatesDaniel Radcliffe$1.342011Harry Potter and the Deathly Hallows - Part 2
41%
23Pierre Coffin, Kyle BaldaSandra Bullock$1.152015Minions
41%
8Jon FavreauDonald Glover$1.652019The Lion King
41%
39Guy RitchieWill Smith$1.052019Aladdin
38%
45Tim BurtonJohnny Depp$1.022010Alice in Wonderland
38%
43Andrew StantonEllen DeGeneres$1.022016Finding Dory
38%
50Colin TrevorrowChris Pratt$0.992022Jurassic World Dominion
38%
34J.J. AbramsCarrie Fisher$1.072019Star Wars: The Rise of Skywalker
38%
26Peter JacksonElijah Wood$1.142003The Lord of the Rings: Return of the King
38%
48Chris ColumbusDaniel Radcliffe$1.002001Harry Potter and the Philosopher's Stone
34%
20Brad BirdCraig T. Nelson$1.242018Incredibles 2
34%
29Michael BayShia LaBeouf$1.122011Transformers: Dark of the Moon
34%
17J.A. BayonaChris Pratt$1.302018Jurassic World: Fallen Kingdom
31%
40Rob MarshallJohnny Depp$1.042011Pirates of the Caribbean: On Stranger Tides
28%
38Gareth EdwardsFelicity Jones$1.052016Rogue One: A Star Wars Story
28%
44George LucasLiam Neeson$1.021999Star Wars: Episode I - The Phantom Menace
28%
37Gore VerbinskiJohnny Depp$1.062006Pirates of the Caribbean: Dead Man's Chest
25%
47Peter JacksonIan McKellen$1.012012The Hobbit: An Unexpected Journey
25%
31Michael BayMark Wahlberg$1.102014Transformers: Age of Extinction
25%
21F. Gary GrayVin Diesel$1.232017The Fate of the Furious
22%
46Byron Howard, Rich MooreGinnifer Goodwin$1.022016Zootopia
19%

Score Distribution

Percentile by Number Answered

Percent of People with Each Score

Your Score History

You have not taken this quiz